000 00864nam a2200289Ia 4500
003 OSt
005 20220928125127.0
006 a|||||r|||| 00| 0
007 ta
008 220927b |||||||| |||| 00| 0 eng d
020 _cEURO 54.99
024 _a142071
037 _b1077, 19/12/2019, Total Books India
_cTextual
040 _aSDCL
_cSDCL
_beng
041 _2eng
_aeng
082 _aB2894, Q9
100 _aLaraki Rida
_9468057
245 0 _aMathematical foundations of game theory
260 _aCham
_bSpringer
_c2019
300 _axvii,229p.
_ccm.
490 _aUniversitext
650 _aMathematics
700 _a Renault Jerome
_9468058
700 _a Sorin Sylvain
_9468059
942 _hB2894, Q9
_cTEXL
_2CC
999 _c780943
_d780943